Viisi puhutuinta kieltä kielikunnittain - Statistics

Yleistilastot
  • Tätä visaa on pelattu 533 kertaa
  • Keskiarvotulos 26 / 60
Vastaustilastot
Kielikunta Kieli % Oikein
Romaaniset Espanja
95%
Germaaniset Saksa
95%
Germaaniset Englanti
94%
Romaaniset Ranska
93%
Uralilaiset Suomi
93%
Slaavilaiset Venäjä
93%
Sinotiibetiläiset Mandariinikiina
91%
Romaaniset Portugali
91%
Turkkilaiset Turkki
90%
Germaaniset Ruotsi
88%
Romaaniset Italia
87%
Uralilaiset Unkari
85%
Uralilaiset Viro
84%
Slaavilaiset Ukraina
83%
Afroaasialaiset Arabia
79%
Slaavilaiset Puola
76%
Romaaniset Romania
75%
Germaaniset Hollanti
70%
Indoiranilaiset Hindi
69%
Kelttiläiset Iiri
66%
Slaavilaiset Serbokroaatti
63%
Slaavilaiset Tšekki
55%
Sinotiibetiläiset Kantoninkiina
42%
Nigeriläis-kongolaiset Swahili
41%
Kelttiläiset Gaeli
40%
Kelttiläiset Kymri
37%
Austronesialaiset Malaiji
36%
Indoiranilaiset Bengali
35%
Indoiranilaiset Urdu
35%
Germaaniset Afrikaans
31%
Uralilaiset Mari
31%
Turkkilaiset Kazakki
30%
Afroaasialaiset Somali
28%
Sinotiibetiläiset Wu-kiina
28%
Turkkilaiset Uzbekki
26%
Austronesialaiset Tagalog
24%
Turkkilaiset Azeri
23%
Dravidakielet Tamili
23%
Uralilaiset Udmurtti
22%
Afroaasialaiset Amhara
16%
Nigeriläis-kongolaiset Igbo
16%
Indoiranilaiset Pandžabi
15%
Austronesialaiset Jaava
14%
Nigeriläis-kongolaiset Joruba
14%
Kelttiläiset Bretoni
12%
Indoiranilaiset Marathi
12%
Sinotiibetiläiset Hakka-kiina
11%
Afroaasialaiset Hausa
11%
Dravidakielet Kannada
11%
Dravidakielet Telugu
11%
Turkkilaiset Uiguuri
10%
Kelttiläiset Korni
9%
Dravidakielet Malajalam
7%
Sinotiibetiläiset Minnan
7%
Afroaasialaiset Oromo
7%
Nigeriläis-kongolaiset Fulani
6%
Nigeriläis-kongolaiset Ruanda
6%
Austronesialaiset Cebuano
5%
Austronesialaiset Sunda
5%
Dravidakielet Gondi
4%
Ehtoja vastaavia visoja ei löytynyt
Tulosjakauma
Jokaisen tuloksen saaneiden osuus
Persentiili vastausten määrän mukaan
Tuloshistoriasi
Et ole pelannut tätä visaa